An outline of the land law (Record no. 449)

MARC details
000 -LEADER
fixed length control field 00942cam a22002891 4500
001 - CONTROL NUMBER
control field 7068169
003 - CONTROL NUMBER IDENTIFIER
control field OSt
005 - DATE AND TIME OF LATEST TRANSACTION
control field 20110721102250.0
008 - FIXED-LENGTH DATA ELEMENTS--GENERAL INFORMATION
fixed length control field 780410s1965 enk 001 0 eng
010 ## - LIBRARY OF CONGRESS CONTROL NUMBER
LC control number 66051914
015 ## - NATIONAL BIBLIOGRAPHY NUMBER
National bibliography number GB65-22644
035 ## - SYSTEM CONTROL NUMBER
System control number (OCoLC)3789836
040 ## - CATALOGING SOURCE
Original cataloging agency DLC
Transcribing agency ICarbS
Modifying agency Uk
-- DLC
042 ## - AUTHENTICATION CODE
Authentication code premarc
050 00 - LIBRARY OF CONGRESS CALL NUMBER
Classification number KD829
Item number .G74 1965
082 ## - DEWEY DECIMAL CLASSIFICATION NUMBER
Classification number 346.043 GRE
100 1# - MAIN ENTRY--PERSONAL NAME
Personal name Green, E. Swinfen
Fuller form of name (Ernest Swinfen)
9 (RLIN) 1317
245 13 - TITLE STATEMENT
Title An outline of the land law
Statement of responsibility, etc by E. Swinfen Green.
260 ## - PUBLICATION, DISTRIBUTION, ETC. (IMPRINT)
Place of publication, distribution, etc London,
Name of publisher, distributor, etc Sweet & Maxwell,
Date of publication, distribution, etc 1965.
300 ## - PHYSICAL DESCRIPTION
Extent x, 198 p.
Dimensions 22 cm.
650 #0 - SUBJECT ADDED ENTRY--TOPICAL TERM
Topical term or geographic name as entry element Real property
Geographic subdivision Great Britain
9 (RLIN) 1318
650 #0 - SUBJECT ADDED ENTRY--TOPICAL TERM
Topical term or geographic name as entry element Wills
Geographic subdivision Great Britain
9 (RLIN) 1319
906 ## - LOCAL DATA ELEMENT F, LDF (RLIN)
a 7
b cbc
c oclcrpl
d u
e ncip
f 19
g y-gencatlg
942 ## - ADDED ENTRY ELEMENTS (KOHA)
Source of classification or shelving scheme Dewey Decimal Classification
Koha item type Books
Holdings
Withdrawn status Lost status Source of classification or shelving scheme Damaged status Not for loan Home library Current library Shelving location Date acquired Total Checkouts Full call number Barcode Date last seen Price effective from Koha item type
    Dewey Decimal Classification     Law Development Centre Main Library Law Development Centre Main Library Text Books and Laws 04/20/2011   346.043 GRE 2011/2368 04/20/2011 04/20/2011 Books